00163nam a2200073Ia 4500082001700000245001300017100001800030008004100048 aJ 428.6 HUGH 0aCarry me aHughes Monica210817s9999 xx 000 0 und d